| 000 | 00484nam a2200181 a 4500 | ||
|---|---|---|---|
| 020 | _a0679750630 : | ||
| 040 | _cDLC | ||
| 041 | 1 | _hfre | |
| 082 | 0 | 0 | _a915 DIS 1993 C149 Or. |
| 245 | 0 | 0 | _aThailand / |
| 250 | _a1st American ed. | ||
| 260 |
_aNew York : _bKnopf : _bDistibuted by Random House, _cc1993. |
||
| 300 |
_a376 p. : _bill. (some col.), col. maps ; _c23 cm. |
||
| 490 | 1 | _aKnopf guides. | |
| 500 | _aTranslated from French. | ||
| 710 | 2 | _aGallimard (Firm) | |
| 942 | _cAEDBB | ||
| 999 |
_c18620 _d18620 |
||